[Event "SVK-chT2B 1920"]
[Site "Slovakia"]
[Date "2020.02.15"]
[Round "8.2"]
[White "Scripcaru, George Daniel"]
[Black "Meszaros, Norbert"]
[Result "0-1"]
[WhiteElo "2183"]
[BlackElo "2103"]
[PlyCount "94"]
[EventDate "2019.10.26"]
[EventType "team-tourn"]
[EventRounds "11"]
[EventCountry "SVK"]
[SourceTitle "CBM 195 Extra"]
[Source "ChessBase"]
[SourceDate "2020.05.31"]
[SourceVersion "1"]
[SourceVersionDate "2020.05.31"]
[SourceQuality "1"]
[WhiteTeam "Topolcany"]
[BlackTeam "Nove Zamky"]
[WhiteTeamCountry "SVK"]
[BlackTeamCountry "SVK"]

1. e4 g6 2. d4 Bg7 3. c4 c5 4. d5 d6 5. Nc3 a6 6. Nge2 Nf6 7. Ng3 0-0 8. Be2 Re8 9. 0-0 e6 10. a4 exd5 11. cxd5 Nbd7 12. Be3 Rb8 13. Qd2 Ne5 14. f3 Bd7 15. a5 Qc7 16. h3 Bc8 17. f4 Ned7 18. Bf3 b6 19. axb6 Rxb6 20. Rfe1 Rb4 21. Bf2 Bh6 22. Nge2 Ne5 23. Nc1 Nxf3+ 24. gxf3 Qd7 25. Nd3 Rb8 26. e5 dxe5 27. Nxe5 Qxh3 28. Nc6 Rxe1+ 29. Rxe1 Ra8 30. Bxc5 Qg3+ 31. Kh1 Qh4+ 32. Kg1 Bxf4 33. Ne7+ Kg7 34. Qe2 Bh2+ 35. Qxh2 Qxe1+ 36. Kg2 Qd2+ 37. Kh1 Qe1+ 38. Kg2 Qd2+ 39. Kh1 Qxh2+ 40. Kxh2 Nd7 41. Bd4+ f6 42. Ne4 a5 43. Nd6 Ba6 44. Nc6 Bd3 45. Kg3 a4 46. Nb4 Bb1 47. Nc4 Bf5 0-1

[Event "SVK-chT2B 1819"]
[Site "Slovakia"]
[Date "2019.04.06"]
[Round "10.1"]
[White "Skreno, Vladimir"]
[Black "Meszaros, Norbert"]
[Result "1/2-1/2"]
[WhiteElo "2175"]
[BlackElo "2097"]
[PlyCount "85"]
[EventDate "2018.10.13"]
[EventType "team-tourn"]
[EventRounds "11"]
[EventCountry "SVK"]
[SourceTitle "EXT 2020"]
[Source "ChessBase"]
[SourceDate "2019.10.17"]
[SourceVersion "1"]
[SourceVersionDate "2019.10.17"]
[SourceQuality "1"]
[WhiteTeam "Tlmace"]
[BlackTeam "Nove Zamky"]
[WhiteTeamCountry "SVK"]
[BlackTeamCountry "SVK"]

1. d4 Nf6 2. Nf3 g6 3. c4 c5 4. Nc3 cxd4 5. Nxd4 Bg7 6. Nc2 0-0 7. e4 d6 8. Be2 Nc6 9. 0-0 Bd7 10. Be3 Rc8 11. Rc1 Qa5 12. f3 Be6 13. Qd2 Rfe8 14. Rfd1 Nd7 15. Ne1 Nce5 16. b3 Nc6 17. Kh1 Nb4 18. Nb5 Qxa2 19. Nxa7 Qxd2 20. Bxd2 Ra8 21. Nb5 Na6 22. Nd3 Rec8 23. Nf4 Nac5 24. Rb1 Ra2 25. Bf1 Ne5 26. Nc3 Ra3 27. Ncd5 Kf8 28. b4 Ncd3 29. Nxd3 Nxd3 30. Bxd3 Rxd3 31. Nb6 Rc6 32. b5 Rc7 33. Rbc1 Rxd2 34. Rxd2 Bh6 35. Rdc2 Bxc1 36. Rxc1 Rc5 37. Kg1 Ke8 38. Ra1 Kd8 39. Ra4 Kc7 40. Na8+ Kb8 41. Nb6 Kc7 42. Na8+ Kb8 43. Nb6 1/2-1/2

[Event "SVK-chT2B 1718"]
[Site "Slovakia"]
[Date "2018.03.17"]
[Round "10.1"]
[White "Motuz, Karol"]
[Black "Meszaros, Norbert"]
[Result "1/2-1/2"]
[WhiteElo "2407"]
[BlackElo "2104"]
[PlyCount "90"]
[EventDate "2017.10.28"]
[EventType "team-tourn"]
[EventRounds "11"]
[EventCountry "SVK"]
[SourceTitle "EXT 2020"]
[Source "ChessBase"]
[SourceDate "2019.10.17"]
[SourceVersion "1"]
[SourceVersionDate "2019.10.17"]
[SourceQuality "1"]
[WhiteTeam "Povazska Bystrica"]
[BlackTeam "Nove Zamky"]
[WhiteTeamCountry "SVK"]
[BlackTeamCountry "SVK"]

1. d4 Nf6 2. c4 c5 3. d5 b5 4. Nd2 d6 5. e4 bxc4 6. Bxc4 g6 7. b3 Bg7 8. Bb2 0-0 9. Ngf3 a5 10. 0-0 Ba6 11. Re1 Nbd7 12. Rb1 a4 13. bxa4 Nb6 14. Bb3 Bd3 15. Rc1 Qd7 16. Re3 Ng4 17. Rxd3 Bxb2 18. Rc2 Bg7 19. Nc4 Rfb8 20. Nxb6 Rxb6 21. Rc4 Ne5 22. Nxe5 Bxe5 23. g3 Qh3 24. Qf1 Qxf1+ 25. Kxf1 Bd4 26. Ke2 Kg7 27. Rdxd4 cxd4 28. Kd3 Ra7 29. Kxd4 Rba6 30. f4 f6 31. Kc3 g5 32. f5 Kf7 33. Rb4 Ra5 34. Rc4 R5a6 35. Kb4 Rb6+ 36. Ka3 Rba6 37. Rc6 Ra5 38. Kb4 h5 39. h4 g4 40. Rb6 Rc5 41. Rc6 Rb7+ 42. Ka3 Ra5 43. Rc8 Kg7 44. Rc4 Kf7 45. Rc8 Kg7 1/2-1/2

[Event "SVK-chT2B 1718"]
[Site "Slovakia"]
[Date "2017.10.29"]
[Round "2.1"]
[White "Meszaros, Norbert"]
[Black "Molnar, Erno"]
[Result "1/2-1/2"]
[WhiteElo "2149"]
[BlackElo "2218"]
[PlyCount "55"]
[EventDate "2017.10.28"]
[EventType "team-tourn"]
[EventRounds "11"]
[EventCountry "SVK"]
[SourceTitle "CBM 181 Extra"]
[Source "ChessBase"]
[SourceDate "2017.12.12"]
[SourceVersion "1"]
[SourceVersionDate "2017.12.12"]
[SourceQuality "1"]
[WhiteTeam "Nove Zamky"]
[BlackTeam "Komarno II"]
[WhiteTeamCountry "SVK"]
[BlackTeamCountry "SVK"]

1. e4 e5 2. Bc4 Nf6 3. d3 Bc5 4. Nf3 Nc6 5. 0-0 d6 6. c3 a6 7. Bb3 Ba7 8. Bg5 h6 9. Bh4 g5 10. Bg3 Bg4 11. Nbd2 Nh5 12. Bd5 0-0 13. Qa4 Qd7 14. Bxc6 bxc6 15. d4 f6 16. Qc4+ Kh7 17. dxe5 fxe5 18. Bxe5 dxe5 19. Nxe5 Qxd2 20. Nxg4 Qf4 21. Qe6 Nf6 22. Qe7+ Kh8 23. Ne5 Qxe4 24. Nf7+ Kg7 25. Ne5+ Kg8 26. Qe6+ Kg7 27. Qe7+ Kg8 28. Qe6+ 1/2-1/2

[Event "SVK-chT1W 1617"]
[Site "Slovakia"]
[Date "2016.11.20"]
[Round "4.7"]
[White "Balogh, Peter"]
[Black "Meszaros, Norbert"]
[Result "1-0"]
[WhiteElo "2150"]
[BlackElo "2135"]
[PlyCount "37"]
[EventDate "2016.10.15"]
[EventType "team-tourn"]
[EventRounds "11"]
[EventCountry "SVK"]
[SourceTitle "EXT 2018"]
[Source "ChessBase"]
[SourceDate "2017.10.13"]
[SourceVersion "1"]
[SourceVersionDate "2017.10.13"]
[SourceQuality "1"]
[WhiteTeam "Gabcikovo Russel"]
[BlackTeam "Bratislava Lokomotiva"]
[WhiteTeamCountry "SVK"]
[BlackTeamCountry "SVK"]

1. e4 Nf6 2. e5 Ng8 3. d4 d6 4. f4 g6 5. Nf3 Bg7 6. Bc4 Nh6 7. Nc3 0-0 8. Be3 c6 9. Qd2 b5 10. Be2 Nd7 11. h3 f5 12. g4 fxg4 13. hxg4 Nb6 14. Ng5 Nc4 15. Bxc4+ bxc4 16. Nxh7 Kxh7 17. f5 gxf5 18. Bxh6 Kh8 19. Qg5 1-0